Composite reinsurance parameters optimization selected problems solved in Maxima and VBA software
Na minha lista:
| Autor principal: | |
|---|---|
| Formato: | Capítulo de Livro |
| Idioma: | eslovaco |
| Assuntos: | |
| Tags: |
Sem tags, seja o primeiro a adicionar uma tag!
|
MARC
| LEADER | 00000nla a2200000 4500 | ||
|---|---|---|---|
| 001 | 0208608 | ||
| 005 | 20240502073451.8 | ||
| 041 | 0 | |a slo | |
| 044 | |a SK | ||
| 245 | 1 | 0 | |a Composite reinsurance parameters optimization selected problems solved in Maxima and VBA software |c František Slaninka |
| 500 | |a Abstrakt | ||
| 610 | 2 | 0 | |a matematika poistná |
| 610 | 2 | 0 | |a funkcie matematické |
| 610 | 2 | 0 | |a zaistenie |
| 610 | 2 | 0 | |a metódy aktuárske |
| 610 | 2 | 0 | |a jazyky programovacie |
| 100 | 1 | |a Slaninka, František, 1973- | |